[Event "Gibraltar ChallWk1 12th"]
[Site "Gibraltar"]
[Date "2014.01.28"]
[Round "2.4"]
[White "Galvan, Jesus"]
[Black "Byron, Alan M"]
[Result "1/2-1/2"]
[WhiteElo "2241"]
[BlackElo "2147"]
[PlyCount "73"]
[EventDate "2014.01.27"]
[EventType "swiss"]
[EventRounds "5"]
[EventCountry "GGB"]
[SourceTitle "BritBase"]
[Source "www.saund.co.uk"]
[SourceDate "2018.02.10"]
[SourceVersion "1"]
[SourceVersionDate "2018.02.10"]
[SourceQuality "1"]

1. d4 Nf6 2. c4 g6 3. Nc3 Bg7 4. e4 d6 5. f4 O-O 6. Nf3 Na6 7. Be2 e5 8. fxe5
dxe5 9. d5 Nc5 10. Bg5 h6 11. Bxf6 Qxf6 12. b4 Na6 13. Rb1 c5 14. dxc6 bxc6 15.
c5 Rd8 16. Qa4 Nc7 17. O-O Bb7 18. Kh1 Qe7 19. Rfd1 Ne6 20. Rxd8+ Qxd8 21. Bc4
Qe7 22. a3 Kh7 23. Rf1 Nf4 24. Qb3 Rf8 25. Ne2 Bc8 26. Nxf4 exf4 27. e5 Bg4 28.
Re1 Qc7 29. e6 fxe6 30. Bxe6 Bh5 31. Bc4 Qc8 32. Be6 Qc7 33. Bc4 Qc8 34. Re7
Re8 35. Re1 Qc7 36. Be6 Rf8 37. Bh3 1/2-1/2

[Event "Gibraltar ChallWk1 12th"]
[Site "Gibraltar"]
[Date "2014.01.28"]
[Round "2.5"]
[White "Congiu, Mathilde"]
[Black "Severijnen, Arjon"]
[Result "0-1"]
[WhiteElo "2226"]
[BlackElo "2147"]
[PlyCount "66"]
[EventDate "2014.01.27"]
[EventType "swiss"]
[EventRounds "5"]
[EventCountry "GGB"]
[SourceTitle "BritBase"]
[Source "www.saund.co.uk"]
[SourceDate "2018.02.10"]
[SourceVersion "1"]
[SourceVersionDate "2018.02.10"]
[SourceQuality "1"]

1. e4 c5 2. Nf3 Nc6 3. Bb5 g6 4. Bxc6 bxc6 5. O-O Bg7 6. Re1 e5 7. b4 cxb4 8.
a3 d6 9. axb4 Be6 10. d4 Bg4 11. h3 Bxf3 12. Qxf3 Ne7 13. dxe5 Bxe5 14. Ra6 O-O
15. Bh6 Re8 16. Nd2 Qc8 17. Ra5 Qe6 18. Qa3 Nc8 19. Nf3 Bf6 20. e5 dxe5 21.
Raxe5 Bxe5 22. Rxe5 Qd7 23. Qc3 Rxe5 24. Nxe5 Qd1+ 25. Kh2 Qd6 26. f4 f6 27.
Nxc6 Ne7 28. Qc4+ Kh8 29. Nd4 Ng8 30. Nb5 Qe7 31. Qc6 Rd8 32. Bg5 fxg5 33. Qc3+
Qf6 0-1

[Event "Gibraltar ChallWk1 12th"]
[Site "Gibraltar"]
[Date "2014.01.28"]
[Round "2.6"]
[White "Nicolas Zapata, Javier"]
[Black "Galmandakh, Badrakh"]
[Result "0-1"]
[WhiteElo "2123"]
[BlackElo "2225"]
[PlyCount "70"]
[EventDate "2014.01.27"]
[EventType "swiss"]
[EventRounds "5"]
[EventCountry "GGB"]
[SourceTitle "BritBase"]
[Source "www.saund.co.uk"]
[SourceDate "2018.02.10"]
[SourceVersion "1"]
[SourceVersionDate "2018.02.10"]
[SourceQuality "1"]

1. e4 d6 2. d4 Nf6 3. Nc3 e5 4. Nf3 Nbd7 5. Bc4 Be7 6. O-O O-O 7. Re1 c6 8. a4
a5 9. h3 h6 10. Nh4 Nb6 11. Bb3 Kh7 12. dxe5 dxe5 13. Be3 Qc7 14. Qf3 g6 15. g4
Nfd7 16. Nf5 gxf5 17. Qxf5+ Kg7 18. Qh5 Qd6 19. Ne2 Qg6 20. Ng3 Qxh5 21. Nxh5+
Kg6 22. f4 exf4 23. Nxf4+ Kh7 24. Nh5 Bc5 25. Nf6+ Kg6 26. Nxd7 Nxd7 27. e5
Bxe3+ 28. Rxe3 Nc5 29. Bc4 Be6 30. Be2 Rad8 31. c3 Bb3 32. Rf1 Rd2 33. c4 Rxb2
34. e6 Nxe6 35. Bd3+ Kg7 0-1

[Event "Gibraltar ChallWk1 12th"]
[Site "Gibraltar"]
[Date "2014.01.28"]
[Round "2.7"]
[White "Sanchez Castillo, Sarai"]
[Black "Karlsson, Jorgen"]
[Result "1-0"]
[WhiteElo "2219"]
[BlackElo "2140"]
[PlyCount "101"]
[EventDate "2014.01.27"]
[EventType "swiss"]
[EventRounds "5"]
[EventCountry "GGB"]
[SourceTitle "BritBase"]
[Source "www.saund.co.uk"]
[SourceDate "2018.02.10"]
[SourceVersion "1"]
[SourceVersionDate "2018.02.10"]
[SourceQuality "1"]

1. e4 g6 2. d4 Bg7 3. Nc3 a6 4. Bg5 b5 5. Qd2 Bb7 6. f3 h6 7. Bh4 d6 8. O-O-O
Nd7 9. f4 c5 10. Nf3 cxd4 11. Nxd4 Nc5 12. Qe1 Qa5 13. Kb1 Rc8 14. e5 dxe5 15.
fxe5 b4 16. Nce2 Qb6 17. Nc1 Ne4 18. Bd3 Nc3+ 19. bxc3 bxc3+ 20. Ncb3 Qb4 21.
Ka1 Rc5 22. Rb1 Rxe5 23. Qf2 Rd5 24. Ne2 Rxd3 25. Nbc1 Qb2+ 26. Rxb2 cxb2+ 27.
Kb1 bxc1=Q+ 28. Kxc1 Rd7 29. Rf1 Nf6 30. Rd1 Rxd1+ 31. Kxd1 O-O 32. h3 Rd8+ 33.
Ke1 g5 34. Bg3 Ne4 35. Qb6 Rd7 36. Bc7 Bd5 37. a4 Kh7 38. Qb8 Nd6 39. a5 Nc4
40. g4 Ne3 41. c3 Bc4 42. Be5 f6 43. Bd4 Nc2+ 44. Kf2 Bxe2 45. Kxe2 Nxd4+ 46.
cxd4 Rxd4 47. Qa7 Re4+ 48. Kd3 Re6 49. Kc4 Bf8 50. Kc5 Kg7 51. Qb6 1-0

[Event "Gibraltar ChallWk1 12th"]
[Site "Gibraltar"]
[Date "2014.01.28"]
[Round "2.8"]
[White "Vea, Odin Blikra"]
[Black "Amgalanbaatar, Ravdanlkhumbuu"]
[Result "1/2-1/2"]
[WhiteElo "2217"]
[BlackElo "2137"]
[PlyCount "77"]
[EventDate "2014.01.27"]
[EventType "swiss"]
[EventRounds "5"]
[EventCountry "GGB"]
[SourceTitle "BritBase"]
[Source "www.saund.co.uk"]
[SourceDate "2018.02.10"]
[SourceVersion "1"]
[SourceVersionDate "2018.02.10"]
[SourceQuality "1"]

1. e4 e6 2. d4 d5 3. Nd2 Nf6 4. e5 Nfd7 5. Bd3 c5 6. c3 Nc6 7. Ne2 cxd4 8. cxd4
f6 9. exf6 Nxf6 10. Nf3 Bd6 11. O-O Qc7 12. Bg5 O-O 13. Bh4 Nh5 14. Qc2 h6 15.
Bh7+ Kh8 16. Bg6 Rxf3 17. Bxh5 Rf8 18. Bg3 Bd7 19. Rac1 Be8 20. Bxe8 Raxe8 21.
Qd2 e5 22. dxe5 Bxe5 23. Qxd5 Qb6 24. b3 Qa6 25. Qd2 Rd8 26. Qe3 Bxg3 27. Nxg3
Qxa2 28. Ne4 Rfe8 29. f3 Nd4 30. Rc7 Qxb3 31. Qxb3 Nxb3 32. Rxb7 Nd2 33. Re1
Nxe4 34. fxe4 a5 35. e5 Rd5 36. e6 Rd6 37. e7 Kg8 38. Ra7 Kf7 39. Kf2 1/2-1/2

[Event "Gibraltar ChallWk1 12th"]
[Site "Gibraltar"]
[Date "2014.01.28"]
[Round "2.9"]
[White "Pabalan, Rocky"]
[Black "Zvarik, Martin"]
[Result "1-0"]
[WhiteElo "2103"]
[BlackElo "2216"]
[PlyCount "69"]
[EventDate "2014.01.27"]
[EventType "swiss"]
[EventRounds "5"]
[EventCountry "GGB"]
[SourceTitle "BritBase"]
[Source "www.saund.co.uk"]
[SourceDate "2018.02.10"]
[SourceVersion "1"]
[SourceVersionDate "2018.02.10"]
[SourceQuality "1"]

1. d4 Nf6 2. Nf3 d6 3. Bf4 Bg4 4. Nbd2 h6 5. h3 Bf5 6. g4 Bh7 7. Bg2 c6 8. O-O
e6 9. c4 Be7 10. Qb3 Qc8 11. Rfe1 Ne4 12. c5 dxc5 13. Nxe4 Bxe4 14. dxc5 Nd7
15. Qc3 O-O 16. Bd6 Bxd6 17. cxd6 Bxf3 18. Bxf3 Qd8 19. Red1 Qh4 20. Kg2 e5 21.
Be4 g6 22. Bc2 Kh7 23. Rd3 e4 24. Rg3 Nf6 25. Bb3 Rad8 26. Rd1 Qg5 27. a4 Rd7
28. a5 a6 29. f4 exf3+ 30. Rxf3 Ne4 31. Qe3 Qe5 32. Rd4 Re8 33. Bxf7 Ng5 34.
Bxe8 Nxf3 35. Kxf3 1-0

[Event "Gibraltar ChallWk1 12th"]
[Site "Gibraltar"]
[Date "2014.01.28"]
[Round "2.10"]
[White "Barrenechea Bahamonde, Gustavo"]
[Black "Burrows, Martin P"]
[Result "1-0"]
[WhiteElo "2208"]
[BlackElo "2126"]
[PlyCount "61"]
[EventDate "2014.01.27"]
[EventType "swiss"]
[EventRounds "5"]
[EventCountry "GGB"]
[SourceTitle "BritBase"]
[Source "www.saund.co.uk"]
[SourceDate "2018.02.10"]
[SourceVersion "1"]
[SourceVersionDate "2018.02.10"]
[SourceQuality "1"]

1. e4 e6 2. d4 d5 3. Nc3 Bb4 4. a3 Bxc3+ 5. bxc3 dxe4 6. Qg4 Nf6 7. Qxg7 Rg8 8.
Qh6 Nbd7 9. Ne2 b6 10. a4 Bb7 11. Ng3 c5 12. Be2 Rc8 13. O-O cxd4 14. cxd4 Rxc2
15. Bb5 Rg6 16. Qf4 Qc7 17. Qh4 a6 18. Bxd7+ Qxd7 19. Be3 Kf8 20. Rfc1 Rxc1+
21. Rxc1 Kg8 22. Qf4 Ne8 23. Qb8 Kh8 24. Nh5 Rg8 25. Qe5+ f6 26. Nxf6 Nxf6 27.
Rc7 Qd8 28. Rxb7 Qf8 29. Bg5 Rxg5 30. Qxg5 b5 31. Qe5 1-0

[Event "Gibraltar ChallWk1 12th"]
[Site "Gibraltar"]
[Date "2014.01.28"]
[Round "2.11"]
[White "Hornell, Colin"]
[Black "Dolzhikova, Olga"]
[Result "0-1"]
[WhiteElo "2085"]
[BlackElo "2203"]
[PlyCount "122"]
[EventDate "2014.01.27"]
[EventType "swiss"]
[EventRounds "5"]
[EventCountry "GGB"]
[SourceTitle "BritBase"]
[Source "www.saund.co.uk"]
[SourceDate "2018.02.10"]
[SourceVersion "1"]
[SourceVersionDate "2018.02.10"]
[SourceQuality "1"]

1. d4 b6 2. e4 Bb7 3. Nc3 e6 4. Bd3 Ne7 5. Nf3 g6 6. Bg5 Bg7 7. Qd2 h6 8. Be3
d6 9. a4 a6 10. Ne2 c5 11. c3 c4 12. Bc2 Nd7 13. Nc1 Qc7 14. O-O f5 15. exf5
exf5 16. Re1 Nf6 17. Ne2 Ne4 18. Qc1 g5 19. Ng3 Nxg3 20. fxg3 O-O-O 21. Qd2 Be4
22. Rab1 Nd5 23. b3 Rhe8 24. bxc4 Bxc2 25. cxd5 Bxb1 26. Rxb1 Kb7 27. Qd3 Rc8
28. Bd2 Re4 29. g4 Qc4 30. Qc2 Qxd5 31. Qb2 Rc6 32. gxf5 Qxf5 33. Qb3 d5 34.
Rf1 Qe6 35. Bxg5 Re2 36. Bh4 Re3 37. Be1 Re2 38. Bf2 Bf6 39. Qd1 Rxc3 40. Ne5
Rec2 41. Qh5 Bxe5 42. dxe5 Rc6 43. Bd4 Qg6 44. Rf7+ Kb8 45. Rf8+ Kc7 46. Rf7+
Kd8 47. Qxg6 Rxg6 48. g3 Rc4 49. Rf4 Kd7 50. Kf2 Rxa4 51. h4 Rc4 52. h5 Re6 53.
Rf7+ Ke8 54. Rf4 a5 55. Ke3 b5 56. g4 a4 57. g5 hxg5 58. Rg4 Rxe5+ 59. Kd3 Rf5
60. h6 Rf3+ 61. Ke2 Rh3 0-1

[Event "Gibraltar ChallWk1 12th"]
[Site "Gibraltar"]
[Date "2014.01.28"]
[Round "2.12"]
[White "Janev, Pavel"]
[Black "Mihajlov, Svetoslav"]
[Result "1-0"]
[WhiteElo "2203"]
[BlackElo "2112"]
[PlyCount "61"]
[EventDate "2014.01.27"]
[EventType "swiss"]
[EventRounds "5"]
[EventCountry "GGB"]
[SourceTitle "BritBase"]
[Source "www.saund.co.uk"]
[SourceDate "2018.02.10"]
[SourceVersion "1"]
[SourceVersionDate "2018.02.10"]
[SourceQuality "1"]

1. e4 e5 2. Nf3 Nc6 3. Nc3 Nf6 4. Bb5 Bb4 5. Nd5 Bd6 6. O-O O-O 7. Re1 a6 8.
Bf1 Nd4 9. Nxd4 exd4 10. e5 Nxd5 11. exd6 c5 12. Qh5 Nf4 13. Qxc5 Ne6 14. Qh5
Qb6 15. Bd3 g6 16. Qe5 Qc5 17. Qg3 b5 18. b3 Rb8 19. a4 b4 20. Bc4 Rb6 21. a5
Rxd6 22. Re5 Qc7 23. d3 Rc6 24. Bh6 Rd8 25. Rae1 d5 26. Bxd5 Rxc2 27. Bc4 Qc6
28. f3 Nf8 29. Qf4 Rxc4 30. Re7 Be6 31. Qf6 1-0

[Event "Gibraltar ChallWk1 12th"]
[Site "Gibraltar"]
[Date "2014.01.28"]
[Round "2.13"]
[White "Perez Garcia, Alejandro"]
[Black "Nikolaidis, Konstantinos"]
[Result "1-0"]
[WhiteElo "2070"]
[BlackElo "2185"]
[PlyCount "64"]
[EventDate "2014.01.27"]
[EventType "swiss"]
[EventRounds "5"]
[EventCountry "GGB"]
[SourceTitle "BritBase"]
[Source "www.saund.co.uk"]
[SourceDate "2018.02.10"]
[SourceVersion "1"]
[SourceVersionDate "2018.02.10"]
[SourceQuality "1"]

1. Nf3 Nf6 2. c4 e6 3. g3 a6 4. Bg2 b5 5. Nd4 d5 6. cxb5 Bc5 7. bxa6 Bb6 8. Nb3
c5 9. d3 O-O 10. O-O Bxa6 11. Nc3 Qe7 12. Bg5 Nbd7 13. e4 h6 14. Bxf6 Nxf6 15.
exd5 exd5 16. Nxd5 Nxd5 17. Bxd5 Rad8 18. Qf3 Rxd5 19. Qxd5 Bb7 20. Qc4 Rd8 21.
Qb5 Qd6 22. Na5 Ba8 23. Nc4 Qd5 24. f3 Bc7 25. Rae1 Bc6 26. Qb3 Qg5 27. Qc2 h5
28. Qd2 Qf6 29. Qe3 Re8 30. Qf2 Rd8 31. Qxc5 Rxd3 32. Re3 Rd5 1-0

[Event "Gibraltar ChallWk1 12th"]
[Site "Gibraltar"]
[Date "2014.01.28"]
[Round "2.15"]
[White "Nyland, Thomas"]
[Black "Urbina Perez, Juan Antonio"]
[Result "0-1"]
[WhiteElo "2047"]
[BlackElo "2183"]
[PlyCount "108"]
[EventDate "2014.01.27"]
[EventType "swiss"]
[EventRounds "5"]
[EventCountry "GGB"]
[SourceTitle "BritBase"]
[Source "www.saund.co.uk"]
[SourceDate "2018.02.10"]
[SourceVersion "1"]
[SourceVersionDate "2018.02.10"]
[SourceQuality "1"]

1. e4 c5 2. c3 g6 3. d4 cxd4 4. cxd4 Bg7 5. f4 d5 6. e5 Nc6 7. Nf3 Bg4 8. Bb5
Rc8 9. h3 Bxf3 10. Qxf3 e6 11. Nc3 Nge7 12. Be3 O-O 13. O-O a6 14. Bd3 b5 15.
a4 b4 16. Ne2 Qb6 17. g4 f5 18. g5 Na5 19. h4 Nc4 20. b3 Nxe3 21. Qxe3 Rc7 22.
Rac1 Rfc8 23. Rxc7 Rxc7 24. Rc1 Rc6 25. Rc5 Bf8 26. Qc1 Kf7 27. Kg2 Qb7 28. Qc2
Rxc5 29. dxc5 Nc6 30. h5 Qa7 31. hxg6+ hxg6 32. Qc1 Qxc5 33. Qxc5 Bxc5 34. Bxa6
Na5 35. Nc1 Be3 36. Nd3 Bd2 37. Kf3 Nxb3 38. Ke2 Bc3 39. Bc8 Nd4+ 40. Kd1 b3
41. Kc1 Ke7 42. Nc5 b2+ 43. Kb1 Nf3 44. Nb3 Nd2+ 45. Nxd2 Bxd2 46. Kxb2 Bxf4
47. a5 Bxe5+ 48. Kc2 Bb8 49. a6 Kd6 50. Kd3 e5 51. Ke2 Ba7 52. Kf3 d4 53. Bb7
e4+ 54. Kf4 d3 0-1

[Event "Gibraltar ChallWk1 12th"]
[Site "Gibraltar"]
[Date "2014.01.28"]
[Round "2.16"]
[White "Perdomo Araujo, Angel Eduardo"]
[Black "Pena Riasco, Alexander"]
[Result "0-1"]
[WhiteElo "2018"]
[BlackElo "2154"]
[PlyCount "98"]
[EventDate "2014.01.27"]
[EventType "swiss"]
[EventRounds "5"]
[EventCountry "GGB"]
[SourceTitle "BritBase"]
[Source "www.saund.co.uk"]
[SourceDate "2018.02.10"]
[SourceVersion "1"]
[SourceVersionDate "2018.02.10"]
[SourceQuality "1"]

1. e4 d5 2. e5 Bf5 3. d4 e6 4. Nf3 Nd7 5. Bd3 Ne7 6. O-O c5 7. c3 Qb6 8. b3
Bxd3 9. Qxd3 Nc6 10. Na3 Be7 11. Nc2 cxd4 12. cxd4 Rc8 13. Bf4 O-O 14. Rfc1 Rc7
15. h4 Rfc8 16. g4 Ncb8 17. Bd2 Rc6 18. Ne3 Bb4 19. Rxc6 Rxc6 20. Rc1 Bxd2 21.
Qxd2 Rxc1+ 22. Qxc1 Nc6 23. Qc3 f6 24. Nc2 h6 25. g5 hxg5 26. hxg5 fxe5 27.
dxe5 Qc5 28. Qxc5 Nxc5 29. Ncd4 Nxd4 30. Nxd4 Kf7 31. Kg2 Nd3 32. Nb5 Kg6 33.
Nd6 Kxg5 34. Nxb7 Kf5 35. Kg3 Nxe5 36. b4 d4 37. Na5 Ke4 38. Nb3 Kd5 39. f4 Nc4
40. Nc5 e5 41. fxe5 Nxe5 42. Kf4 d3 43. Ke3 Kc4 44. a3 Kc3 45. Ne4+ Kc2 46. a4
Nc4+ 47. Kd4 Nd6 48. Nf2 d2 49. b5 d1=Q+ 0-1

[Event "Gibraltar ChallWk1 12th"]
[Site "Gibraltar"]
[Date "2014.01.28"]
[Round "2.17"]
[White "Kvisla, Johannes Luangtep"]
[Black "Bhopal, Raj"]
[Result "1-0"]
[WhiteElo "2154"]
[BlackElo "2093"]
[PlyCount "100"]
[EventDate "2014.01.27"]
[EventType "swiss"]
[EventRounds "5"]
[EventCountry "GGB"]
[SourceTitle "BritBase"]
[Source "www.saund.co.uk"]
[SourceDate "2018.02.10"]
[SourceVersion "1"]
[SourceVersionDate "2018.02.10"]
[SourceQuality "1"]

1. d4 f5 2. Bg5 c6 3. Nd2 Qb6 4. e3 e6 5. Bd3 d5 6. Ngf3 Nd7 7. h3 g6 8. c4 Bg7
9. cxd5 exd5 10. g4 fxg4 11. hxg4 Ngf6 12. Bxf6 Nxf6 13. g5 Ne4 14. Nxe4 dxe4
15. Bxe4 Bg4 16. Qc2 Bxf3 17. Bxf3 Qa5+ 18. Qd2 Qxd2+ 19. Kxd2 O-O 20. Ke2 Rf5
21. Rag1 Raf8 22. Rg3 Ra5 23. a3 Rb5 24. Rb1 Rff5 25. a4 Ra5 26. Bg4 Rf8 27.
Be6+ Kh8 28. Bb3 Ra6 29. Rh3 Rb6 30. Bc2 c5 31. dxc5 Rb4 32. Bxg6 h6 33. b3 Rg4
34. gxh6 Bc3 35. Bd3 Bb4 36. Rc1 Rf6 37. h7 Rg5 38. Rc4 a5 39. Re4 Rf8 40. Rf3
Rb8 41. Rf7 Bxc5 42. Rxb7 Rf8 43. Rb5 Rgf5 44. f4 Rh5 45. Rxa5 Rh2+ 46. Kf3
Rh3+ 47. Kg4 Rxe3 48. Rxc5 Rxd3 49. b4 Rd1 50. Rce5 Rg1+ {Time} 1-0

[Event "Gibraltar ChallWk1 12th"]
[Site "Gibraltar"]
[Date "2014.01.28"]
[Round "2.18"]
[White "Lercel, Michal"]
[Black "Kandic, Milan"]
[Result "1/2-1/2"]
[WhiteElo "2150"]
[BlackElo "2080"]
[PlyCount "115"]
[EventDate "2014.01.27"]
[EventType "swiss"]
[EventRounds "5"]
[EventCountry "GGB"]
[SourceTitle "BritBase"]
[Source "www.saund.co.uk"]
[SourceDate "2018.02.10"]
[SourceVersion "1"]
[SourceVersionDate "2018.02.10"]
[SourceQuality "1"]

1. d4 d6 2. c4 e5 3. Nf3 Nc6 4. Nc3 exd4 5. Nxd4 Nxd4 6. Qxd4 Nf6 7. g3 Be7 8.
Bg2 O-O 9. O-O Re8 10. b3 Bf8 11. Bb2 Qe7 12. Rfe1 a6 13. Nd5 Nxd5 14. cxd5 Bd7
15. Rac1 Rec8 16. Rc2 c5 17. dxc6 bxc6 18. Ba3 c5 19. Qf4 Bc6 20. Rd1 Bxg2 21.
Kxg2 a5 22. Bc1 Qb7+ 23. Qf3 Qxf3+ 24. Kxf3 a4 25. bxa4 Rxa4 26. Bf4 Rc6 27.
Rb2 g6 28. Rb8 Kg7 29. Rd8 Ra3+ 30. Rd3 Rca6 31. Rd7 Kf6 32. Rd8 Be7 33. Re8 c4
34. Re3 Rxe3+ 35. Kxe3 Rxa2 36. Bg5+ Kxg5 37. Rxe7 Kf6 38. Re8 Ra5 39. Kd4 Rc5
40. Re3 Rf5 41. f4 d5 42. h4 h6 43. Ra3 g5 44. hxg5+ hxg5 45. Ra6+ Kg7 46. e3
g4 47. Rd6 Rh5 48. e4 dxe4 49. Kxe4 Rh3 50. Rc6 Rxg3 51. Rxc4 Ra3 52. Kf5 g3
53. Rc2 Kh6 54. Kg4 Kg6 55. Rg2 Kf6 56. Rxg3 Rxg3+ 57. Kxg3 Kf5 58. Kf3 1/2-1/2

[Event "Gibraltar ChallWk1 12th"]
[Site "Gibraltar"]
[Date "2014.01.28"]
[Round "2.19"]
[White "Gandrud, Vegar Koi"]
[Black "Festa, Samuele"]
[Result "1/2-1/2"]
[WhiteElo "2242"]
[BlackElo "2075"]
[PlyCount "64"]
[EventDate "2014.01.27"]
[EventType "swiss"]
[EventRounds "5"]
[EventCountry "GGB"]
[SourceTitle "BritBase"]
[Source "www.saund.co.uk"]
[SourceDate "2018.02.10"]
[SourceVersion "1"]
[SourceVersionDate "2018.02.10"]
[SourceQuality "1"]

1. d4 d5 2. c4 e6 3. Nf3 c6 4. e3 Bd6 5. Nc3 f5 6. Bd3 Nf6 7. O-O O-O 8. b3 Ne4
9. Bb2 Nd7 10. Qc2 Qf6 11. Ne2 g5 12. Ne1 Qh6 13. f4 Ndf6 14. Qc1 gxf4 15. exf4
Kh8 16. Nf3 Rg8 17. Ne5 Qg7 18. g3 Ng4 19. Nxg4 Qxg4 20. Qe3 Bd7 21. Kh1 Qh3
22. Bxe4 fxe4 23. Rf2 Rgf8 24. a3 Be8 25. Ng1 Qh6 26. h3 Bh5 27. Raf1 Rf7 28.
Bc1 Raf8 29. Kg2 Rg7 30. Kh2 Rgf7 31. Kg2 Rg7 32. Kh2 Rgf7 1/2-1/2

[Event "Gibraltar ChallWk1 12th"]
[Site "Gibraltar"]
[Date "2014.01.28"]
[Round "2.20"]
[White "Rodriguez Alvarez, Vidal"]
[Black "Suez-Panama, Gilles"]
[Result "1-0"]
[WhiteElo "2166"]
[BlackElo "2071"]
[PlyCount "98"]
[EventDate "2014.01.27"]
[EventType "swiss"]
[EventRounds "5"]
[EventCountry "GGB"]
[SourceTitle "BritBase"]
[Source "www.saund.co.uk"]
[SourceDate "2018.02.10"]
[SourceVersion "1"]
[SourceVersionDate "2018.02.10"]
[SourceQuality "1"]

1. d4 d5 2. c4 c6 3. Nf3 e6 4. e3 f5 5. Bd3 Nf6 6. O-O Bd6 7. b3 Qe7 8. Bb2 O-O
9. Qc1 Ne4 10. Ba3 Nd7 11. Bxd6 Qxd6 12. Qa3 Qxa3 13. Nxa3 b6 14. cxd5 exd5 15.
Rfc1 Bb7 16. Rc2 Rac8 17. Rac1 g6 18. Nb1 Kg7 19. Nc3 Nxc3 20. Rxc3 a5 21. a3
Kf6 22. Nd2 c5 23. Bb5 Bc6 24. Bf1 a4 25. dxc5 bxc5 26. b4 c4 27. Nf3 Nb6 28.
Nd4 Bb7 29. g3 Rcd8 30. Bg2 Nd7 31. Rd1 Rfe8 32. Rc2 Ne5 33. Ne2 Nd3 34. Nc3
Ke6 35. Rcd2 Bc6 36. Bf1 Ne5 37. Be2 Rd7 38. b5 Bb7 39. Nxa4 Rc7 40. Nc3 Rd8
41. h3 Rc5 42. a4 Ra8 43. f4 Nd7 44. Ra1 Ra5 45. Rb2 Nf6 46. Bf3 Ba8 47. g4 h6
48. Rd1 Bb7 49. Rd4 Ne4 1-0

[Event "Gibraltar ChallWk1 12th"]
[Site "Gibraltar"]
[Date "2014.01.28"]
[Round "2.23"]
[White "Gajic, Mladen"]
[Black "Adebajo, Olufemi"]
[Result "1-0"]
[WhiteElo "2246"]
[BlackElo "1979"]
[PlyCount "81"]
[EventDate "2014.01.27"]
[EventType "swiss"]
[EventRounds "5"]
[EventCountry "GGB"]
[SourceTitle "BritBase"]
[Source "www.saund.co.uk"]
[SourceDate "2018.02.10"]
[SourceVersion "1"]
[SourceVersionDate "2018.02.10"]
[SourceQuality "1"]

1. e4 d6 2. d4 Nf6 3. Nc3 g6 4. f4 Bg7 5. Nf3 O-O 6. Bd3 Na6 7. O-O c5 8. d5
Bg4 9. h3 Bxf3 10. Rxf3 Nb4 11. Bf1 Rb8 12. g4 Na6 13. g5 Nd7 14. h4 Nc7 15.
Bh3 b5 16. Qe1 b4 17. Nd1 e6 18. dxe6 fxe6 19. Kg2 Qe7 20. a4 bxa3 21. Raxa3
Nb5 22. Ra5 Nd4 23. Rf2 Nc6 24. Ra3 Nb6 25. Rg3 Rbe8 26. Ne3 Bd4 27. c3 Bxe3
28. Rxe3 Nc4 29. Ree2 N6a5 30. f5 exf5 31. exf5 Qb7+ 32. Kg3 Rxe2 33. Qxe2 Ne5
34. f6 Qd5 35. Bf4 Rd8 36. h5 Kf7 37. Bg2 Qd3+ 38. Qxd3 Nxd3 39. Bd5+ Kf8 40.
hxg6 hxg6 41. Rh2 1-0

[Event "Gibraltar ChallWk1 12th"]
[Site "Gibraltar"]
[Date "2014.01.28"]
[Round "2.24"]
[White "Tortolero, Cesar"]
[Black "Scharrer, Patrick"]
[Result "0-1"]
[WhiteElo "1952"]
[BlackElo "2220"]
[PlyCount "76"]
[EventDate "2014.01.27"]
[EventType "swiss"]
[EventRounds "5"]
[EventCountry "GGB"]
[SourceTitle "BritBase"]
[Source "www.saund.co.uk"]
[SourceDate "2018.02.10"]
[SourceVersion "1"]
[SourceVersionDate "2018.02.10"]
[SourceQuality "1"]

1. d4 g6 2. e4 Bg7 3. Nc3 d6 4. Be3 Nd7 5. h4 h5 6. Bc4 a6 7. Nf3 e6 8. Ng5 Qe7
9. a4 b6 10. Qd2 Bb7 11. f3 Ngf6 12. Bb3 c5 13. Ne2 Rc8 14. c3 c4 15. Bc2 e5
16. O-O O-O 17. Nc1 d5 18. exd5 Nxd5 19. Bf2 Bh6 20. dxe5 Nxe5 21. Bd4 Nc6 22.
Re1 Qc7 23. Qf2 Nxd4 24. cxd4 Rfe8 25. Na2 Bxg5 26. hxg5 Qf4 27. Nc3 Qxg5 28.
Ne4 Qf4 29. g3 Qc7 30. Re2 Kg7 31. Rae1 Re6 32. Ng5 Rxe2 33. Rxe2 Nb4 34. Be4
Nd3 35. Qg2 Bxe4 36. Rxe4 c3 37. bxc3 Qxc3 38. Re7 Qc1+ 0-1

[Event "Gibraltar ChallWk1 12th"]
[Site "Gibraltar"]
[Date "2014.01.28"]
[Round "2.25"]
[White "Bucknell, Malcolm Gordon"]
[Black "Rowe, Duane"]
[Result "0-1"]
[WhiteElo "1947"]
[BlackElo "2218"]
[PlyCount "68"]
[EventDate "2014.01.27"]
[EventType "swiss"]
[EventRounds "5"]
[EventCountry "GGB"]
[SourceTitle "BritBase"]
[Source "www.saund.co.uk"]
[SourceDate "2018.02.10"]
[SourceVersion "1"]
[SourceVersionDate "2018.02.10"]
[SourceQuality "1"]

1. d4 Nf6 2. Nf3 e6 3. g3 b6 4. Bg2 Bb7 5. O-O c5 6. c4 cxd4 7. Qxd4 d6 8. Nc3
a6 9. Re1 Qc7 10. Bg5 Nbd7 11. Rac1 Be7 12. h3 Rc8 13. b3 h6 14. Be3 O-O 15.
Qd2 Rfd8 16. Nh4 Bf8 17. Kh2 Qb8 18. a4 Nc5 19. b4 Nb3 20. Qd3 Nxc1 21. Rxc1
Bxg2 22. Nxg2 d5 23. cxd5 Bxb4 24. Bf4 e5 25. Bd2 Bxc3 26. Rxc3 Rxc3 27. Bxc3
Nxd5 28. Bb2 b5 29. Qf5 Ne7 30. Qe4 Ng6 31. a5 Qa8 32. Qg4 Qc8 33. Qh5 Qc5 34.
Ne3 Rd2 0-1

[Event "Gibraltar ChallWk1 12th"]
[Site "Gibraltar"]
[Date "2014.01.28"]
[Round "2.26"]
[White "Omoifo, Osemekhian I"]
[Black "Becking, Franz Josef"]
[Result "1-0"]
[WhiteElo "2076"]
[BlackElo "1969"]
[PlyCount "74"]
[EventDate "2014.01.27"]
[EventType "swiss"]
[EventRounds "5"]
[EventCountry "GGB"]
[SourceTitle "BritBase"]
[Source "www.saund.co.uk"]
[SourceDate "2018.02.10"]
[SourceVersion "1"]
[SourceVersionDate "2018.02.10"]
[SourceQuality "1"]

1. Nf3 Nf6 2. d4 d5 3. e3 e6 4. Bd3 Nbd7 5. Nbd2 c5 6. c3 Bd6 7. O-O O-O 8. Re1
Rb8 9. e4 dxe4 10. Nxe4 Nxe4 11. Bxe4 cxd4 12. Nxd4 Nf6 13. Bc2 h6 14. h3 Re8
15. Nb5 Bc5 16. Qxd8 Rxd8 17. Bf4 Bd7 18. Bxb8 Bxb5 19. Bf4 Nd5 20. Rad1 Rc8
21. Be5 Be7 22. Be4 Bc6 23. Rd3 f6 24. Bg3 Kf7 25. Rd2 Bc5 26. Bb1 g5 27. a3 b5
28. Ba2 h5 29. Rde2 h4 30. Bh2 e5 31. Bxe5 fxe5 32. Rxe5 Rd8 33. Rf5+ Kg7 34.
Rxg5+ Kf6 35. Ree5 Re8 36. Ref5+ Ke6 37. Bxd5+ Kd6 1-0